000 01138cam a22003257a 4500
003 CHAP
005 20220329140640.0
008 971013s1983 r 00010 d
010 _a55341
011 _a56313
035 _a60466
040 _cCHAP
090 _aFolleto 9185
100 0 0 _aSavín Vázquez, Consuelo.
_9102792
245 0 _aProcesos celulares
260 _aMéxico :
_bTrillas,
_c1983
300 _a94 p.
_b: ilus.
490 3 _aEl universo de la biología. Serie morfofisiología. Area conceptual
590 _aBATCH-UPD
_b10
_c20130110
_lUCH01
_h1848
590 _aBATCH-UPD
_b10
_c20130410
_lUCH01
_h1217
590 _aBATCH-UPD
_b10
_c20130914
_lUCH01
_h0943
590 _aCONVERSION
_b10
_c20130109
_lUCH01
_h1330
650 1 4 _aCitología.
_923489
830 3 _aEl universo de la biología. Serie morfofisiología. Area conceptual
_936167
901 _aBK
942 _cFOLL
949 _aFolleto 9185
_bBC
_cFOLL
_d-130326
_eTS1
_gI.c/e
_i60466
_si
_t350.00
949 _aFolleto 9185
_bBC
_cFOLL
_d-130327
_eTS2
_fc.2
_gI.c/e
_i60466
_si
_t350.00
949 _aFolleto 9185
_bBC
_cFOLL
_d-130328
_eTS1
_fc.3
_gI.c/e
_i60466
_si
_t350.00
999 _c55341
_d55341